Name the Metallica album - Statistics

General Stats
  • This quiz has been taken 118 times
  • The average score is 10 of 10
Answer Stats
Picture Answer % Correct
...And Justice for All
100%
Master of Puppets
100%
Ride the Lightning
100%
Metallica (Black Album)
99%
Load
96%
Reload
96%
Kill 'Em All
95%
Death Magnetic
94%
St. Anger
94%
Hardwired... to Self-Destruct
83%
No matching quizzes found
Score Distribution
Percent of People with Each Score
Percentile by Number Answered
Your Score History
You have not taken this quiz